| 000 | 01049nam a22002537a 4500 | ||
|---|---|---|---|
| 005 | 20170124102955.0 | ||
| 010 | _aA-119135 | ||
| 020 | _c15.00 | ||
| 035 | _aA-119135 | ||
| 037 | _bCen Lib/Ret | ||
| 040 |
_aDPL _bHN |
||
| 082 |
_aउ _bशर्माचा |
||
| 100 |
_aशर्मा चन्द्र, यादवेन्द्र _952886 |
||
| 245 |
_aसंधिकाल की औरत / _cयादवेन्द्र शर्मा चन्द्र |
||
| 246 |
_aSandhikaal ki aurat / _bby Yaadvendra Sharma Chandra |
||
| 260 |
_aदिल्ली _bजयश्री प्रकाशन _c1982 |
||
| 270 |
_bदिल्ली _a४/११५, विश्वासनगर _e110032 |
||
| 300 |
_a91पृ. _c16सेमी(सजिल्द ) |
||
| 650 |
_aहिंदी साहित्य _x _z _952887 |
||
| 650 |
_aहिंदी उपन्यास _952888 |
||
| 650 |
_aHindi literature _v _952889 |
||
| 650 |
_aHindi novel _952890 |
||
| 942 |
_2ddc _cHN _hउ _mशर्माचा |
||
| 999 |
_c113579 _d113579 |
||